000 00841nam a2200253Ia 4500
003 OSt
005 20220923215113.0
006 a|||||r|||| 00| 0
007 ta
008 220922b |||||||| |||| 00| 0 hin d
024 _a175,606
037 _cTextual
040 _aARTS
_cARTS
_bhin
041 _2hin
_ahin
082 _aO152,1x, M9
100 _aगर्ग, शेरजंग, संपा.
245 0 _aमुक्तक और रूबाईयां
246 _aMuktak aur rūbāīyāan
260 _aनई दिल्ली
_b सुबोध पब्लिेकेसन्स
_c1989
300 _a272 पृ.
_ccm.
650 _aहिन्दी साहित्य
_9156264
942 _hO152,1x, M9
_cTEXL
_2CC
999 _c329310
_d329310